The Practice of Prolog / (Record no. 6622)

MARC details
000 -LEADER
fixed length control field 01041pam a2200169 a 4500
020 ## - INTERNATIONAL STANDARD BOOK NUMBER
ISBN 0262193019
022 ## - INTERNATIONAL STANDARD SERIAL NUMBER
ISSN 9780262193016
050 00 - CALL NUMBER
Classification number QA76.73.P76
Item number .P73
245 04 - TITLE
Title The Practice of Prolog /
Statement of responsibility, etc edited by Leon S. Sterling.
260 ## - PUBLICATION INFORMATION
Place of publication Cambridge, Mass. :
Name of publisher MIT Press,
Year of publication c1990.
300 ## - DESCRIPTION
Number of Pages 312 p. :
Other physical details ill. ;
Dimensions 24 cm.
440 #0 - SERIES
SERIES Logic programming
505 ## - FORMATTED CONTENTS NOTE
Table of Content 1. Prototyping databases in Prolog / T. Kazic [and others] --<br/>2. PREDITOR : a Prolog-based VLSI editor / Peter B. Reintjes --<br/>3. Assisting register transfer level hardware design : a Prolog application / Paul J. Drongowski --<br/>4. Developing a portable parallelizing Pascal compiler in Prolog / Eran Gabber --<br/>5. ProMiX : a Prolog partial evaluation system / Arun Lakhotia and Leon Sterling --<br/>6. Generating natural language explanations from plans / Chris Mellish --<br/>7. A simple learning program / Richard O'Keefe --<br/>8. Stream data analysis in Prolog / D. Stott Parker --
650 #0 - SUBJECTS
Topical Term Prolog (Computer program language)
700 1# - OTHER AUTHORS
Personal name Sterling, Leon.
942 ## - ADDED ENTRY ELEMENTS (KOHA)
Koha item type Books
Holdings
Withdrawn status Lost status Collection code Home library Current library Shelving location Date acquired Full call number Accession Number Koha item type
    Reference Methodist University Library Main Methodist University Library Main General Stacks 04/11/2019 QA76.73.P76 .P73 27989 Books
Copyright © 2026  MUG Library